000 00766nam a2200253 4500
001 35826
003 BD-RjUL
005 20211209052403.0
008 140610r19681956nyu b 000 0 eng d
035 _a(BD-RjUL)35921
040 _aDLC
_cDLC
_dDLC
_dBD-RjUL
_beng
041 _aeng
082 0 0 _a320.0924
_bPAM 1968
100 1 _aParkin, Charles W.
_9109117
245 1 4 _aThe moral basis of Burke's political thought :
_ban essay /
_cby Charles Parkin.
260 _aNew York :
_bRussell & Russell ,
_c1956 [1968].
300 _aviii, 145 p. ;
_c21 cm.
500 _aReprint of the 1956 ed.
504 _aBibliography: p. vii-viii.
600 1 0 _aBurke, Edmund,
_d1729-1797.
_9109199
942 _2ddc
_cBK
999 _c35826
_d35826